Word Ladder: Rugby Positions Quiz Stats

 Plays Quiz Updated Mar 31, 2017

Support Sporcle.
Go Orange.
Score 0/24 Timer 03:00
3 Plays Today
Hint 4-Letter Word % Correct
With Rung 1, shirt number 11
or KFC piece
🏉 WING 🏉
93%
English elevatorLIFT
92.1%
With Rung 6, shirt number 11
or Opposite of right
🏉 LEFT 🏉
91.3%
In rugby it's egg-shapedBALL
91%
With Rung 16, shirt number 15
or Able to eat no more
🏉 FULL 🏉
89.8%
Not yoursMINE
89.1%
Shirt number 4 or 5
or Device operated by a key
🏉 LOCK 🏉
86.7%
AutumnFALL
86.7%
Movies 'The Green ____' or '8 ____'MILE
86.6%
;)WINK
85.3%
Shirt number 1 or 3
or Item on a stage
🏉 PROP 🏉
83.8%
Chinese dynasty famous for vasesMING
82.2%
Hint 4-Letter Word % Correct
With Rung 12, shirt number 15
or Supply with funding
🏉 BACK 🏉
82%
Half donkey, half horseMULE
82%
Ring of a chainLINK
80.9%
Dryer fluffLINT
79.5%
Have a ganderLOOK
77.1%
Consider deeplyMULL
76.4%
Male deerBUCK
74.9%
Get down!DUCK
74.7%
Wharf or pierDOCK
72.1%
Refuse to do somethingBALK
70.6%
Circular piece of metal or stringLOOP
68.3%
Highest (and funniest) deck of a shipPOOP
68.1%

Today's Daily Dose

You're not logged in!

Compare scores with friends on all Sporcle quizzes.
OR
Log In
Forgot?

From the Vault

Europe per 3rd Letter

by RobPro

These European letters found their way into 3rd place.
Remove Ads.
Support Sporcle.
Get the best of Sporcle when you Go Orange. This ad-free experience offers more features, more stats, and more fun while also helping to support Sporcle. Thank you for becoming a member.

Show Comments

Extras

Top Quizzes Today


Score Distribution

Your Account Isn't Verified!

In order to create a playlist on Sporcle, you need to verify the email address you used during registration. Go to your Sporcle Settings to finish the process.

Report this User

Report this user for behavior that violates our Community Guidelines.

Details: